| 000 | 01098cam a2200301 a 4500 | ||
|---|---|---|---|
| 001 | 971706 | ||
| 003 | ARRUPE | ||
| 005 | 20220406083728.0 | ||
| 008 | 850429s1985 njua 001 0 eng | ||
| 010 | _a 85042685 | ||
| 020 |
_a0691083886 (alk. paper) : _c$17.97 |
||
| 040 |
_aDLC _cDLC _dOCoLC _dDLC |
||
| 050 | 0 | 0 |
_aQC793.5.P422 _bF48 1985 |
| 082 | 0 | 0 |
_a539.7/56 _219 |
| 100 | 1 |
_aFeynman, Richard P. _q(Richard Phillips), _d1918-1988. _913896 |
|
| 245 | 1 | 0 |
_aQED : _bthe strange theory of light and matter / _cRichard Feynman. |
| 260 |
_aPrinceton, N.J. : _bPenguin Books, _cc1985. |
||
| 300 |
_ax, 158 p. : _bill. ; _c23 cm. |
||
| 440 | 0 |
_aAlix G. Mautner memorial lectures _951199 |
|
| 500 | _aIncludes index. | ||
| 650 | 0 |
_aPhotons. _951200 |
|
| 650 | 0 |
_aElectrons. _915761 |
|
| 650 | 0 |
_aQuantum electrodynamics. _914197 |
|
| 856 | 4 | 1 |
_3Sample text _uhttp://www.loc.gov/catdir/samples/prin031/85042685.html |
| 856 | 4 | 2 |
_3Publisher description _uhttp://www.loc.gov/catdir/enhancements/fy0654/85042685-d.html |
| 906 |
_a7 _bcbc _corignew _d1 _eocip _f19 _gy-gencatlg |
||
| 942 |
_2lcc _cMONOGRAPH |
||
| 999 |
_c131248 _d131248 |
||